000 00653nam a2200193 a 4500
001 000025001
005 20200930023511.0
008 110208s1979 pr c r 000 0 spa d
040 _aDO-SdBNP
_bspa
_cBNPHU
082 _axxxx
_bO87a
100 1 _aO´Neill Rosa, Ismael
_d1931
_951309
245 1 0 _aAlfa y Omega / :
_bIsmael O´Neill Rosa ; prólogo Miguel Limardo.
250 _a2a ed.
260 _aSan Juan, Puerto Rico :
_bJay ce printing,
_c1979.
300 _a207 p. :
_bretrs. ;
_c21 cm.
590 _aInventariado, 2019/ YL
500 _aIncluye referencia biográfica del autor en la contracubierta.
700 1 _aLimardo, Miguel,
_epról.
_934120
999 _c24494
_d24494